| 000 | 00381 a2200145 4500 | ||
|---|---|---|---|
| 999 |
_c329675 _d329675 |
||
| 001 | 63831 | ||
| 003 | NUST | ||
| 005 | 20170616090901.0 | ||
| 008 | 170517b xxu||||| |||| 00| 0 eng d | ||
| 020 | _a9789693511635 | ||
| 040 | _cNUST | ||
| 082 |
_a891.4392 _bBUT |
||
| 100 |
_aYounas Butt _9753 |
||
| 245 |
_aFamily Front _cby Muhammad Younas Butt |
||
| 260 |
_aLahore _bSang-e-Meel _c2006 |
||
| 300 | _a248pp | ||
| 650 |
_aUrdu Literature _9347 |
||
| 880 |
_aفیملی فرنٹ _6245-02\(3\r _cڈاکٹر محمد یونس بٹ |
||
| 880 |
_aڈاکٹر محمد یونس بٹ _6100-01\(3\r |
||
| 880 |
_aلاہور: _6260-03\(3\r _bسنگ میل پبلی کیشنز، _c2006 |
||
| 942 |
_2ddc _cBK |
||